000 00380cam a22001217a 4500
008 180718b1968 xxu||||| |||| 00| 0 eng d
082 _aB7303x42 Un3
245 _aGreater london Council (general powers) act 1968
_cby Her Majesty's
260 _aLondon
_bHer Majesty's
_c1968
300 _aiii,53p
650 _aMunicipal government --England --London.
700 _aU.K.Her Majesty's
999 _c415924
_d415924